| 000 | 00648nam a2200217Ia 4500 | ||
|---|---|---|---|
| 005 | 20241129115951.0 | ||
| 008 | 241129s9999||||xx |||||||||||||| ||und|| | ||
| 020 | _a9783031196966 | ||
| 037 | _aTB | ||
| 040 |
_aSDCL _beng _cSDCL |
||
| 041 |
_aeng _2eng |
||
| 084 |
_aX, R3 _qSDCL |
||
| 100 |
_aMichaelides Panayotis G.; Papadakis Theodoulos-Eleftherios _9728788 |
||
| 245 | 0 | _aHistory of economic Ideas: From Adam Smith to Paul Krugman | |
| 260 |
_aCham _bPalgrave Macmillan _c2023 |
||
| 300 | _axvi,186p. | ||
| 365 |
_aEUR _b59.99 |
||
| 650 | _aBusiness Economics and Finance | ||
| 942 |
_cTB _hX, R3 |
||
| 999 |
_c1232791 _d1232791 |
||